| 000 | 01186nam a2200241Ia 4500 | ||
|---|---|---|---|
| 999 |
_c34605 _d34605 |
||
| 001 | 367 | ||
| 003 | GE_BSU | ||
| 005 | 20190507110140.0 | ||
| 008 | 181216s2004||||ge |||||||||||||| ||geo|| | ||
| 020 | _a9789994009923 | ||
| 040 | _cGE_BSU | ||
| 041 | _ageo | ||
| 080 | _a796.5(075.8) ბ–70 | ||
| 100 |
_aბირჟაკოვი, მ. _9837 |
||
| 245 |
_aტურიზმის თეორია :სახელმძღვ. საშ. და უმაღლ. სასწ. სტუდ. / _c მ.ბირჟაკოვი ; თარგმნა : მარინა მეტრეველმა |
||
| 250 | _aმე-2 გამოცემა | ||
| 264 |
_aთბილისი .: _bფორმა; _c2004 |
||
| 300 |
_a270 გვ ; _c21 სმ. |
||
| 653 | _a ტურიზმის თეორია – სახელმძღვანელოები უმაღლესი სასწავლებლებისათვის | ||
| 700 |
_aმეტრეველი, მარინა _eმთარგმნელი _9828 |
||
| 710 |
_eთბილ. კულტ. და ხელოვნ. სახ. უნ-ტი. _9838 |
||
| 942 |
_cBK _2udc |
||